[Event "Barcelona IM Norm 2nd"]
[Site "Barcelona"]
[Date "2019.05.25"]
[Round "7.2"]
[White "Mut Company, Guillem Joan"]
[Black "Garcia Espelta, Josep"]
[Result "1-0"]
[WhiteElo "2002"]
[BlackElo "2037"]
[PlyCount "73"]
[EventDate "2019.04.06"]
[EventType "tourn"]
[EventRounds "9"]
[EventCountry "ESP"]
[SourceTitle "EXT 2024"]
[Source "ChessBase"]
[SourceDate "2023.10.10"]
[SourceVersion "1"]
[SourceVersionDate "2023.10.10"]
[SourceQuality "1"]

1. e4 c5 2. Nf3 e6 3. d4 cxd4 4. Nxd4 a6 5. Nc3 Qc7 6. g3 Bb4 7. Bd2 Nc6 8. Nb3 Nf6 9. Bg2 Be7 10. f4 d6 11. g4 h6 12. Qe2 b5 13. 0-0-0 Bb7 14. Be3 Nd7 15. Qf2 Rc8 16. h4 Na5 17. g5 Nc4 18. g6 Nxe3 19. gxf7+ Kf8 20. Qxe3 b4 21. Nd4 Kxf7 22. Nxe6 Kxe6 23. Bh3+ Kf7 24. Bxd7 Qxd7 25. Ne2 Qc7 26. Nd4 Rhe8 27. Rhg1 Bf6 28. Qb3+ Kf8 29. e5 dxe5 30. fxe5 Rxe5 31. Qxb4+ Kg8 32. Rdf1 Kh8 33. Qd2 Qd6 34. Rg6 Kh7 35. Rfxf6 Re1+ 36. Qxe1 gxf6 37. Rxh6+ 1-0

[Event "Barcelona IM Norm 2nd"]
[Site "Barcelona"]
[Date "2019.04.13"]
[Round "2.4"]
[White "Jose Iraeta, Alexandre"]
[Black "Garcia Espelta, Josep"]
[Result "1/2-1/2"]
[WhiteElo "2167"]
[BlackElo "2037"]
[PlyCount "90"]
[EventDate "2019.04.06"]
[EventType "tourn"]
[EventRounds "9"]
[EventCountry "ESP"]
[SourceTitle "EXT 2024"]
[Source "ChessBase"]
[SourceDate "2023.10.10"]
[SourceVersion "1"]
[SourceVersionDate "2023.10.10"]
[SourceQuality "1"]

1. c4 Nf6 2. g3 e6 3. Bg2 d5 4. d4 Be7 5. Nc3 c6 6. Nf3 Nbd7 7. 0-0 0-0 8. b3 b6 9. Qc2 Bb7 10. e4 Rc8 11. e5 Ne8 12. Re1 Nc7 13. cxd5 cxd5 14. Bf1 Ba6 15. Qb2 Bxf1 16. Kxf1 b5 17. Bd2 Nb6 18. a4 b4 19. Na2 a5 20. Nc1 Na6 21. Nd3 Qd7 22. Rac1 Rxc1 23. Rxc1 Rc8 24. Be3 Qb7 25. Rc2 Nd7 26. Qc1 Rxc2 27. Qxc2 Nab8 28. Ng5 g6 29. Nh3 Qc6 30. Qxc6 Nxc6 31. Ke2 Bd8 32. Nc1 Kg7 33. Kd3 h6 34. f4 f6 35. g4 f5 36. g5 h5 37. Ng1 Bb6 38. Nge2 Kf7 39. Kd2 Nf8 40. Kd3 Nd7 41. Ng3 Nf8 42. Nce2 Nd7 43. h4 Nf8 44. Bf2 Nd7 45. Bg1 Ke7 1/2-1/2

[Event "Barcelona IM Norm 2nd"]
[Site "Barcelona"]
[Date "2019.04.06"]
[Round "1.3"]
[White "Garcia Espelta, Josep"]
[Black "Garcia Playa, David"]
[Result "1/2-1/2"]
[WhiteElo "2037"]
[BlackElo "2057"]
[PlyCount "95"]
[EventDate "2019.04.06"]
[EventType "tourn"]
[EventRounds "9"]
[EventCountry "ESP"]
[SourceTitle "EXT 2024"]
[Source "ChessBase"]
[SourceDate "2023.10.10"]
[SourceVersion "1"]
[SourceVersionDate "2023.10.10"]
[SourceQuality "1"]

1. e4 c5 2. Nf3 Nc6 3. d4 cxd4 4. Nxd4 Nf6 5. Nc3 e5 6. Ndb5 d6 7. Bg5 a6 8. Na3 b5 9. Bxf6 gxf6 10. Nd5 Bg7 11. Bd3 Be6 12. c3 f5 13. 0-0 Bxd5 14. exd5 Ne7 15. Nc2 0-0 16. f4 e4 17. Be2 Qb6+ 18. Kh1 Rac8 19. Qd2 Rc5 20. Ne3 Qb7 21. Rfd1 a5 22. Rac1 Rfc8 23. g3 Qd7 24. Bf1 h5 25. Qe2 h4 26. Rd2 Bf6 27. Bh3 Kg7 28. g4 fxg4 29. Bxg4 Qb7 30. Rg1 Kf8 31. Bxc8 Qxc8 32. Qg4 Qxg4 33. Rxg4 a4 34. f5 a3 35. Rxe4 Bg5 36. bxa3 Nxf5 37. Nxf5 Bxd2 38. Rxh4 Bxc3 39. Nxd6 Rxd5 40. Ne4 Bb2 41. Rh3 f5 42. Nf2 Ke7 43. Rb3 Be5 44. Nd3 Bd6 45. Kg2 f4 46. h3 Rg5+ 47. Kf2 Rh5 48. Ne1 1/2-1/2

[Event "Martorell op 36th"]
[Site "Martorell"]
[Date "2018.09.15"]
[Round "1"]
[White "Esplugas Esteve, Vicenc"]
[Black "Garcia Espelta, Josep"]
[Result "1/2-1/2"]
[WhiteElo "2304"]
[BlackElo "1994"]
[PlyCount "88"]
[EventDate "2018.09.15"]
[EventType "swiss"]
[EventRounds "9"]
[EventCountry "ESP"]
[SourceTitle "CBM 189 Extra"]
[Source "ChessBase"]
[SourceDate "2019.06.03"]
[SourceVersion "1"]
[SourceVersionDate "2019.06.03"]
[SourceQuality "1"]

1. d4 d5 2. c4 e6 3. Nc3 c6 4. e3 Nf6 5. Nf3 Nbd7 6. Bd3 dxc4 7. Bxc4 b5 8. Bb3 a6 9. e4 c5 10. d5 Qc7 11. 0-0 Bb7 12. dxe6 fxe6 13. Ng5 c4 14. Nxe6 Qe5 15. Nxf8 Rxf8 16. Bc2 0-0-0 17. Qe2 Nh5 18. a4 Nf4 19. Bxf4 Rxf4 20. axb5 axb5 21. Ra5 Bc6 22. Qe3 Rh4 23. f4 Qb8 24. g3 Rh6 25. Rfa1 b4 26. Nd5 Qd6 27. Ba4 Bb7 28. Rc1 Nb6 29. Nxb6+ Qxb6 30. Rxc4+ Kb8 31. Qxb6 Rxb6 32. Re5 Rd2 33. Rc2 Rbd6 34. Re8+ Ka7 35. Rxd2 Rxd2 36. b3 Kb6 37. Re7 Ba8 38. f5 Kc5 39. e5 Rg2+ 40. Kf1 Kd4 41. f6 Ke3 42. Rc7 Rf2+ 43. Kg1 Rg2+ 44. Kf1 Rf2+ 1/2-1/2

[Event "Barcelona Tres Peons-D 47th"]
[Site "Barcelona"]
[Date "2018.04.27"]
[Round "1.3"]
[White "Garcia Espelta, Josep"]
[Black "Barragan Hernandez, Manel"]
[Result "0-1"]
[WhiteElo "2063"]
[BlackElo "1894"]
[PlyCount "74"]
[EventDate "2018.04.27"]
[EventType "tourn"]
[EventRounds "9"]
[EventCountry "ESP"]
[SourceTitle "EXT 2024"]
[Source "ChessBase"]
[SourceDate "2023.10.10"]
[SourceVersion "1"]
[SourceVersionDate "2023.10.10"]
[SourceQuality "1"]

1. e4 e5 2. Nf3 Nc6 3. Bb5 a6 4. Ba4 Nf6 5. 0-0 Be7 6. Re1 b5 7. Bb3 0-0 8. h3 Bb7 9. c3 d5 10. d4 dxe4 11. Nxe5 Na5 12. Bc2 c5 13. dxc5 Qc7 14. Ng4 Rad8 15. Qe2 Nc4 16. b4 Qc6 17. Be3 Nxg4 18. hxg4 Bf6 19. g5 Be5 20. a4 f5 21. gxf6 Qxf6 22. axb5 axb5 23. Bd4 Bxd4 24. cxd4 Rxd4 25. Ra7 Bc6 26. Ra6 Ne5 27. Nd2 Qg5 28. Nxe4 Bxe4 29. Bxe4 Rxe4 30. Qxe4 Nf3+ 31. Qxf3 Rxf3 32. Rb6 Rc3 33. Rxb5 Qd2 34. Rb8+ Kf7 35. Kf1 Rc2 36. Rb7+ Kf6 37. Rb6+ Kf5 0-1

[Event "Barcelona Sant Marti op-A 19th"]
[Site "Barcelona"]
[Date "2017.07.17"]
[Round "5"]
[White "Garcia Espelta, Josep"]
[Black "Frayna, Janelle Mae"]
[Result "0-1"]
[WhiteElo "2052"]
[BlackElo "2235"]
[PlyCount "88"]
[EventDate "2017.07.13"]
[EventType "swiss"]
[EventRounds "9"]
[EventCountry "ESP"]
[SourceTitle "EXT 2018"]
[Source "ChessBase"]
[SourceDate "2017.10.13"]
[SourceVersion "1"]
[SourceVersionDate "2017.10.13"]
[SourceQuality "1"]

1. e4 g6 2. d4 Bg7 3. Nc3 d6 4. Be3 a6 5. a4 Nd7 6. Qd2 h6 7. f3 e6 8. Nge2 Ne7 9. g4 b6 10. Ng3 Bb7 11. Bg2 d5 12. h4 c5 13. f4 Nf6 14. Qe2 Nxg4 15. Qxg4 cxd4 16. Nh5 gxh5 17. Qxg7 Rg8 18. Qxd4 Nc6 19. Qd2 d4 20. Bxd4 Qxd4 21. Rd1 0-0-0 22. Qxd4 Nxd4 23. Rd2 f5 24. Kf2 Rxg2+ 25. Kxg2 fxe4 26. Rxd4 Rxd4 27. Re1 Rd2+ 28. Re2 e3+ 29. Kg3 Kd7 30. Rxd2+ exd2 31. Kf2 Ke7 32. Nd1 Be4 33. c3 Bc2 34. Ke2 Bxa4 35. Kxd2 Bxd1 36. Kxd1 Kf6 37. Ke2 Kf5 38. Kf3 a5 39. c4 a4 40. Ke3 Kg4 41. Ke4 Kxh4 42. f5 exf5+ 43. Kf4 Kh3 44. Kf3 h4 0-1

[Event "Barcelona Sant Marti op-A 19th"]
[Site "Barcelona"]
[Date "2017.07.16"]
[Round "4"]
[White "Lorenzo Martinez, Ruben"]
[Black "Garcia Espelta, Josep"]
[Result "0-1"]
[WhiteElo "1490"]
[BlackElo "2052"]
[PlyCount "100"]
[EventDate "2017.07.13"]
[EventType "swiss"]
[EventRounds "9"]
[EventCountry "ESP"]
[SourceTitle "EXT 2018"]
[Source "ChessBase"]
[SourceDate "2017.10.13"]
[SourceVersion "1"]
[SourceVersionDate "2017.10.13"]
[SourceQuality "1"]

1. d4 Nf6 2. Nf3 g6 3. e3 Bg7 4. Bd3 d6 5. Nbd2 Nbd7 6. 0-0 0-0 7. c3 e5 8. Re1 Qe8 9. Qc2 Nh5 10. e4 Nf4 11. Nf1 Nxd3 12. Qxd3 c6 13. dxe5 dxe5 14. Ng5 h6 15. Nh3 Qe7 16. f4 exf4 17. Bxf4 Ne5 18. Qg3 Rd8 19. Rad1 Rxd1 20. Rxd1 b6 21. Nf2 Ba6 22. Qe3 Kh7 23. b3 Rd8 24. Rxd8 Qxd8 25. c4 Bb7 26. Qd2 Qxd2 27. Bxd2 Bc8 28. Ne3 h5 29. Kf1 Be6 30. Ke2 Bf8 31. Nd3 Nxd3 32. Kxd3 f5 33. Nc2 fxe4+ 34. Ke3 c5 35. Bc3 Bd6 36. h3 Bf5 37. a4 g5 38. a5 Kg6 39. Ke2 Bf4 40. Ne3 Be6 41. Nd5 Bxd5 42. cxd5 Kf5 43. Kf2 e3+ 44. Ke2 Ke4 45. axb6 axb6 46. d6 Bxd6 47. Bf6 g4 48. Bg5 Bf4 49. hxg4 Bxg5 50. gxh5 b5 0-1

[Event "Barcelona Sant Marti op-A 19th"]
[Site "Barcelona"]
[Date "2017.07.14"]
[Round "2"]
[White "Farre Buil, Carles"]
[Black "Garcia Espelta, Josep"]
[Result "1/2-1/2"]
[WhiteElo "1856"]
[BlackElo "2052"]
[PlyCount "43"]
[EventDate "2017.07.13"]
[EventType "swiss"]
[EventRounds "9"]
[EventCountry "ESP"]
[SourceTitle "EXT 2018"]
[Source "ChessBase"]
[SourceDate "2017.10.13"]
[SourceVersion "1"]
[SourceVersionDate "2017.10.13"]
[SourceQuality "1"]

1. e4 c5 2. d4 cxd4 3. c3 dxc3 4. Nxc3 Nc6 5. Nf3 e6 6. Bc4 a6 7. 0-0 b5 8. Bb3 Bb7 9. Qe2 Nge7 10. Bg5 f6 11. Be3 Ng6 12. Rfd1 Qb8 13. Qd2 Bc8 14. Rac1 Be7 15. Nd4 Nxd4 16. Qxd4 0-0 17. f4 Nxf4 18. Bxf4 Qxf4 19. Nd5 Qd6 20. Nb6 Qb8 21. Nxd7 Bxd7 22. Qxd7 1/2-1/2

[Event "Barcelona Sant Marti op-A 19th"]
[Site "Barcelona"]
[Date "2017.07.13"]
[Round "1"]
[White "Garcia Espelta, Josep"]
[Black "Grafl, Florian"]
[Result "0-1"]
[WhiteElo "2052"]
[BlackElo "2374"]
[PlyCount "46"]
[EventDate "2017.07.13"]
[EventType "swiss"]
[EventRounds "9"]
[EventCountry "ESP"]
[SourceTitle "EXT 2018"]
[Source "ChessBase"]
[SourceDate "2017.10.13"]
[SourceVersion "1"]
[SourceVersionDate "2017.10.13"]
[SourceQuality "1"]

1. e4 a6 2. d4 b5 3. Bd3 Bb7 4. Nf3 Nf6 5. Qe2 e6 6. a4 c5 7. axb5 axb5 8. Rxa8 Bxa8 9. dxc5 b4 10. e5 Nd5 11. Nbd2 Nf4 12. Qf1 f5 13. Nc4 Bxf3 14. Bxf4 Bd5 15. Nd6+ Bxd6 16. cxd6 Qh4 17. Bc1 Nc6 18. g3 Qd4 19. Rg1 Nxe5 20. Qh3 0-0 21. g4 Nf3+ 22. Kf1 Qe5 23. Be3 Qxb2 0-1

[Event "Vilafranca del Penedes op 11th"]
[Site "Vilafranca del Penedes"]
[Date "2017.04.28"]
[Round "4"]
[White "Garcia Lopez, Josep Luis"]
[Black "Garcia Espelta, Josep"]
[Result "1/2-1/2"]
[WhiteElo "2005"]
[BlackElo "2167"]
[PlyCount "78"]
[EventDate "2017.03.31"]
[EventType "swiss"]
[EventRounds "8"]
[EventCountry "ESP"]
[SourceTitle "EXT 2018"]
[Source "ChessBase"]
[SourceDate "2017.10.13"]
[SourceVersion "1"]
[SourceVersionDate "2017.10.13"]
[SourceQuality "1"]

1. e4 c5 2. Nf3 Nc6 3. d4 cxd4 4. Nxd4 Nf6 5. Nc3 e5 6. Ndb5 d6 7. Bg5 a6 8. Na3 b5 9. Nd5 Be7 10. Bxf6 Bxf6 11. c3 Bg5 12. Nc2 0-0 13. Nce3 Ne7 14. Be2 Bxe3 15. Nxe3 Be6 16. Bg4 d5 17. exd5 Bxd5 18. Nxd5 Qxd5 19. Bf3 e4 20. Qxd5 Nxd5 21. Bxe4 Rae8 22. 0-0-0 Nxc3 23. Bxh7+ Kxh7 24. bxc3 Rc8 25. Rd3 Rc4 26. Rhd1 Rfc8 27. Kb2 b4 28. Rh3+ Kg8 29. Rdd3 a5 30. a3 bxa3+ 31. Kxa3 a4 32. Rd4 Rxc3+ 33. Rxc3 Rxc3+ 34. Kxa4 Rc2 35. Rf4 g6 36. h4 Kg7 37. g3 f6 38. Kb3 Rc5 39. Kb4 Rc2 1/2-1/2

[Event "Vilafranca del Penedes op 11th"]
[Site "Vilafranca del Penedes"]
[Date "2017.04.21"]
[Round "3"]
[White "Garcia Espelta, Josep"]
[Black "Gual Pascual, Antonio"]
[Result "0-1"]
[WhiteElo "2167"]
[BlackElo "2483"]
[PlyCount "97"]
[EventDate "2017.03.31"]
[EventType "swiss"]
[EventRounds "8"]
[EventCountry "ESP"]
[SourceTitle "EXT 2018"]
[Source "ChessBase"]
[SourceDate "2017.10.13"]
[SourceVersion "1"]
[SourceVersionDate "2017.10.13"]
[SourceQuality "1"]

1. e4 g6 2. d4 Bg7 3. Nc3 d6 4. f4 a6 5. Nf3 Nd7 6. Bc4 e6 7. a4 Ne7 8. 0-0 0-0 9. Kh1 c5 10. Be3 Qc7 11. d5 Nb6 12. Ba2 exd5 13. Bxd5 Nbxd5 14. exd5 Bg4 15. h3 Bxf3 16. Qxf3 Nf5 17. g4 Nxe3 18. Qxe3 Rae8 19. Qd2 Qe7 20. Rae1 Qh4 21. Kg2 Re7 22. Rxe7 Qxe7 23. Re1 Qf6 24. Re4 h5 25. Qe3 hxg4 26. hxg4 Qh4 27. Qg3 Qd8 28. Qe3 Bd4 29. Qe1 Kg7 30. Nd1 Rh8 31. c3 Qd7 32. Qe2 Bf6 33. Nf2 b5 34. axb5 axb5 35. g5 Bd8 36. Qg4 Qf5 37. Qxf5 gxf5 38. Re1 c4 39. Nh3 Bb6 40. Ng1 Bxg1 41. Rxg1 Rh4 42. Kg3 Rg4+ 43. Kf2 Rxf4+ 44. Ke3 Re4+ 45. Kf3 Kg6 46. Rg2 Re1 47. Kf4 Rd1 48. Rh2 Rf1+ 49. Ke3 0-1

[Event "Tarragona Province-chA"]
[Site "L'Hospitalet Infant"]
[Date "2016.10.23"]
[Round "4"]
[White "Garcia Espelta, Josep"]
[Black "Sola Sendra, Francesco"]
[Result "1-0"]
[WhiteElo "2073"]
[BlackElo "1812"]
[PlyCount "93"]
[EventDate "2016.10.02"]
[EventType "swiss"]
[EventRounds "9"]
[EventCountry "ESP"]
[SourceTitle "EXT 2018"]
[Source "ChessBase"]
[SourceDate "2017.10.13"]
[SourceVersion "1"]
[SourceVersionDate "2017.10.13"]
[SourceQuality "1"]

1. d4 Nf6 2. Nf3 d5 3. c4 e6 4. g3 Bb4+ 5. Bd2 Bxd2+ 6. Nbxd2 b6 7. Bg2 Bb7 8. Ne5 0-0 9. 0-0 Nbd7 10. Qc2 c5 11. Nxd7 Nxd7 12. cxd5 exd5 13. dxc5 Nxc5 14. Nb3 Qe7 15. Nxc5 bxc5 16. e3 Rac8 17. Qb3 c4 18. Qc3 Rfd8 19. Rfd1 Rd6 20. Rd4 Rcd8 21. Rad1 Qc7 22. b3 Bc6 23. bxc4 Ba4 24. Rc1 dxc4 25. Qxc4 Qxc4 26. Rcxc4 Rxd4 27. Rxd4 Rxd4 28. exd4 Kf8 29. Kf1 Bb5+ 30. Ke1 Bc4 31. a3 Ke7 32. Kd2 Kd6 33. Kc3 Bd5 34. Bxd5 Kxd5 35. Kd3 h5 36. h4 f6 37. f3 g6 38. Kc3 g5 39. Kd3 a6 40. a4 a5 41. Ke3 Ke6 42. f4 g4 43. Kd3 Kd5 44. f5 Kd6 45. Kc4 Kc6 46. d5+ Kd6 47. Kd4 1-0

[Event "Tarragona Province-chA"]
[Site "L'Hospitalet Infant"]
[Date "2016.10.09"]
[Round "2"]
[White "Garcia Espelta, Josep"]
[Black "Girona Masdeu, Jordi"]
[Result "0-1"]
[WhiteElo "2073"]
[BlackElo "1702"]
[PlyCount "98"]
[EventDate "2016.10.02"]
[EventType "swiss"]
[EventRounds "9"]
[EventCountry "ESP"]
[SourceTitle "EXT 2018"]
[Source "ChessBase"]
[SourceDate "2017.10.13"]
[SourceVersion "1"]
[SourceVersionDate "2017.10.13"]
[SourceQuality "1"]

1. e4 c5 2. Nf3 d6 3. d4 cxd4 4. Nxd4 Nf6 5. Nc3 g6 6. Be3 Bg7 7. f3 0-0 8. Qd2 Nc6 9. Bc4 Bd7 10. 0-0-0 Rc8 11. Bb3 Nxd4 12. Bxd4 b5 13. h4 a5 14. a4 bxa4 15. Bxa4 Bxa4 16. Nxa4 Nd7 17. Bxg7 Kxg7 18. h5 Rh8 19. h6+ Kf8 20. Qd4 Rg8 21. f4 Qc7 22. Rd2 Qc4 23. b3 Qxb3 24. Nb2 Qa2 25. Nd3 Rb8 26. Kd1 Rb1+ 27. Ke2 Rxh1 28. c4 Qa1 29. Rb2 Qf1+ 30. Kd2 Rxh6 31. c5 Qxg2+ 32. Kc3 Qxb2+ 33. Kxb2 Nxc5 34. Nxc5 dxc5 35. Qd8+ Kg7 36. Qxe7 Rb8+ 37. Kc2 Rh2+ 38. Kc3 Rhb2 39. Qe5+ Kg8 40. f5 a4 41. f6 h6 42. Qf4 Kh7 43. Qc7 R2b7 44. Qxc5 a3 45. Qc4 Rb3+ 46. Kc2 Rb2+ 47. Kc1 Kg8 48. Qd4 Rb1+ 49. Kd2 a2 0-1

[Event "Amposta Balague Memorial 3rd"]
[Site "Amposta"]
[Date "2016.08.04"]
[Round "6"]
[White "Garcia Espelta, Josep"]
[Black "Kovacevic, Slobodan"]
[Result "1-0"]
[WhiteElo "2040"]
[BlackElo "2303"]
[PlyCount "89"]
[EventDate "2016.08.01"]
[EventType "swiss"]
[EventRounds "9"]
[EventCountry "ESP"]
[SourceTitle "CBM 173 Extra"]
[Source "ChessBase"]
[SourceDate "2016.08.29"]
[SourceVersion "1"]
[SourceVersionDate "2016.08.29"]
[SourceQuality "1"]

1. e4 c5 2. Nf3 e6 3. d4 cxd4 4. Nxd4 a6 5. Be2 Nf6 6. Nc3 Qc7 7. 0-0 d6 8. f4 Nbd7 9. Kh1 Be7 10. a4 0-0 11. Qe1 b6 12. Bf3 Bb7 13. g4 Qc4 14. Be3 e5 15. b3 Qc7 16. Nf5 Bd8 17. g5 Ne8 18. Rc1 exf4 19. Bxf4 Ne5 20. Bg2 Rc8 21. Nd5 Bxd5 22. exd5 b5 23. axb5 axb5 24. h4 Be7 25. c4 Qd8 26. c5 f6 27. Bxe5 fxe5 28. c6 Nc7 29. Be4 Rf7 30. Rc2 Bf8 31. Rcf2 Kh8 32. Qe2 Ra8 33. Qg4 g6 34. Ng3 Rxf2 35. Rxf2 Kg8 36. h5 Be7 37. hxg6 Bxg5 38. gxh7+ Kh8 39. Rf5 Bh6 40. Rh5 Bf4 41. Rf5 Bxg3 42. Qxg3 Qe7 43. Kg2 b4 44. Qg6 Rf8 45. Rg5 1-0

[Event "Amposta Calbet Memorial"]
[Site "Amposta"]
[Date "2016.05.28"]
[Round "7"]
[White "Panella Navarro, Sergi"]
[Black "Garcia Espelta, Josep"]
[Result "1-0"]
[WhiteElo "2170"]
[BlackElo "1960"]
[PlyCount "39"]
[EventDate "2016.04.16"]
[EventType "swiss"]
[EventRounds "8"]
[EventCountry "ESP"]
[SourceTitle "CBM 172 Extra"]
[Source "ChessBase"]
[SourceDate "2016.06.21"]
[SourceVersion "1"]
[SourceVersionDate "2016.06.21"]
[SourceQuality "1"]

1. e4 c5 2. Nf3 e6 3. d4 cxd4 4. Nxd4 a6 5. Nc3 Bb4 6. Bd3 d6 7. 0-0 Nf6 8. Kh1 Nbd7 9. f4 Qc7 10. Qe1 0-0 11. Bd2 Bxc3 12. Bxc3 e5 13. Nf5 exf4 14. Nxg7 Kxg7 15. Rxf4 Rg8 16. Qh4 Ne5 17. Qxf6+ Kf8 18. Raf1 Rg7 19. Bb4 Rg6 20. Qh8+ 1-0

[Event "Amposta Calbet Memorial"]
[Site "Amposta"]
[Date "2016.05.14"]
[Round "5"]
[White "Bru Rullo, Llatzer"]
[Black "Garcia Espelta, Josep"]
[Result "1-0"]
[WhiteElo "2199"]
[BlackElo "1960"]
[PlyCount "53"]
[EventDate "2016.04.16"]
[EventType "swiss"]
[EventRounds "8"]
[EventCountry "ESP"]
[SourceTitle "CBM 172 Extra"]
[Source "ChessBase"]
[SourceDate "2016.06.21"]
[SourceVersion "1"]
[SourceVersionDate "2016.06.21"]
[SourceQuality "1"]

1. Nf3 c5 2. c4 Nf6 3. g3 d5 4. cxd5 Nxd5 5. Bg2 Nc6 6. 0-0 e5 7. Nc3 Nc7 8. b3 Bd7 9. Bb2 f6 10. e3 Bg4 11. h3 Bh5 12. Ne2 Ne6 13. g4 Bg6 14. d4 exd4 15. exd4 Be4 16. Re1 Kf7 17. d5 Qxd5 18. Qxd5 Bxd5 19. Ng5+ fxg5 20. Bxd5 Re8 21. Ng3 Ncd8 22. Re2 Rg8 23. Rae1 h6 24. Nh5 Re7 25. f4 g6 26. Nf6 Rg7 27. f5 1-0

[Event "Amposta Calbet Memorial"]
[Site "Amposta"]
[Date "2016.04.23"]
[Round "2"]
[White "Esplugas Esteve, Vicenc"]
[Black "Garcia Espelta, Josep"]
[Result "0-1"]
[WhiteElo "2261"]
[BlackElo "1960"]
[PlyCount "102"]
[EventDate "2016.04.16"]
[EventType "swiss"]
[EventRounds "8"]
[EventCountry "ESP"]
[SourceTitle "CBM 172 Extra"]
[Source "ChessBase"]
[SourceDate "2016.06.21"]
[SourceVersion "1"]
[SourceVersionDate "2016.06.21"]
[SourceQuality "1"]

1. e4 e5 2. Nf3 Nc6 3. Bb5 a6 4. Ba4 Nf6 5. 0-0 Nxe4 6. d4 b5 7. Bb3 d5 8. dxe5 Be6 9. c3 Bc5 10. Nbd2 0-0 11. Qe2 Bf5 12. Nxe4 dxe4 13. Rd1 Qc8 14. Nd4 Nxe5 15. Bd5 Bg4 16. f3 Nxf3+ 17. gxf3 Bxf3 18. Qf2 Qg4+ 19. Kf1 Bxd1 20. Bxa8 Rxa8 21. Be3 Bxd4 22. cxd4 f5 23. Ke1 Bf3 24. Qg3 Qxg3+ 25. hxg3 h6 26. Rc1 g5 27. Rxc7 Rf8 28. d5 Rd8 29. Rc6 Kh7 30. d6 Kg7 31. Rxa6 Bh5 32. Ra7+ Bf7 33. Bc5 Kf6 34. a3 f4 35. gxf4 gxf4 36. Re7 Be6 37. Rh7 Kg6 38. Rb7 Bc4 39. b3 Bxb3 40. Rxb5 Bd5 41. a4 Bc6 42. Ra5 h5 43. Ra6 Bd5 44. d7+ Kf5 45. Rh6 Bf7 46. Rd6 Be6 47. a5 Rxd7 48. a6 Rxd6 49. Bxd6 Kg4 50. a7 Bd5 51. Kf2 e3+ 0-1

[Event "Barcelona Tardor op 2nd"]
[Site "Barcelona"]
[Date "2014.10.20"]
[Round "3"]
[White "Real Masdeu, Albert"]
[Black "Garcia Espelta, Josep"]
[Result "1/2-1/2"]
[WhiteElo "2079"]
[BlackElo "2060"]
[PlyCount "66"]
[EventDate "2014.10.06"]
[EventType "swiss"]
[EventRounds "8"]
[EventCountry "ESP"]
[SourceTitle "EXT 2016"]
[Source "ChessBase"]
[SourceDate "2015.10.08"]
[SourceVersion "1"]
[SourceVersionDate "2015.10.08"]
[SourceQuality "1"]

1. d4 d5 2. Nf3 Nf6 3. c4 c6 4. Nc3 e6 5. Bg5 dxc4 6. e4 b5 7. e5 h6 8. Bh4 g5 9. exf6 gxh4 10. Ne5 Qxf6 11. g3 Bb7 12. Bg2 h3 13. Be4 Bd6 14. Ng4 Qe7 15. 0-0 Kd8 16. Re1 Kc8 17. d5 Qc7 18. dxc6 Bxc6 19. Nxb5 Bxb5 20. Bxa8 Bc6 21. Bxc6 Qxc6 22. Ne3 Bc5 23. Qe2 Nd7 24. Qxc4 Ne5 25. Qxc5 Qxc5 26. Rec1 Nf3+ 27. Kf1 Qxc1+ 28. Rxc1+ Kd7 29. Rd1+ Ke7 30. Ke2 Ng5 31. Rd4 f5 32. Rh4 Kf6 33. Ra4 Rb8 1/2-1/2

[Event "Barcelona Sant Marti op-B 16th"]
[Site "Barcelona"]
[Date "2014.07.16"]
[Round "4"]
[White "Garcia Espelta, Josep"]
[Black "Volart Buil, Jordi"]
[Result "1-0"]
[WhiteElo "2072"]
[BlackElo "1943"]
[PlyCount "121"]
[EventDate "2014.07.13"]
[EventType "swiss"]
[EventRounds "9"]
[EventCountry "ESP"]
[SourceTitle "CBM 161 Extra"]
[Source "ChessBase"]
[SourceDate "2014.08.29"]
[SourceVersion "1"]
[SourceVersionDate "2014.08.29"]
[SourceQuality "1"]

1. e4 c5 2. Nc3 b6 3. g3 Bb7 4. Bg2 Nf6 5. d3 h6 6. f4 a6 7. Nf3 Qc7 8. 0-0 e6 9. h3 Be7 10. a4 Nc6 11. Ne2 e5 12. c4 d6 13. Nc3 Nd8 14. Bd2 Ne6 15. f5 Nd4 16. Nxd4 cxd4 17. Nd5 Bxd5 18. exd5 Bd8 19. a5 0-0 20. g4 Nd7 21. axb6 Qxb6 22. b4 Bg5 23. Bxg5 hxg5 24. Qd2 f6 25. Ra2 Ra7 26. Rfa1 Rb8 27. Ra4 a5 28. bxa5 Qb2 29. Qxb2 Rxb2 30. R1a2 Rb1+ 31. Kf2 Nc5 32. R4a3 Kf7 33. Bf3 Ke7 34. Kg3 Kd7 35. Rh2 Ke7 36. h4 Rb3 37. Rxb3 Nxb3 38. hxg5 fxg5 39. f6+ Kxf6 40. Be4 Rxa5 41. Rf2+ Ke7 42. Bg6 Ra1 43. Rf7+ Kd8 44. Bf5 Nc5 45. Kf3 Re1 46. Rxg7 Re3+ 47. Kg2 Nxd3 48. Rd7+ Ke8 49. Rxd6 Nf4+ 50. Kf2 Rc3 51. Rc6 d3 52. Ke1 Rc2 53. Kd1 Re2 54. Bxd3 Ra2 55. Bf5 Ra3 56. d6 Ra8 57. d7+ Ke7 58. Rc8 Ra1+ 59. Kc2 Ra2+ 60. Kb3 Rd2 61. Re8+ 1-0

[Event "Tarragona-ch"]
[Site "Tarragona"]
[Date "2003.??.??"]
[Round "6"]
[White "Pamies Martinez, Lluis"]
[Black "Garcia Espelta, Josep"]
[Result "1/2-1/2"]
[WhiteElo "2120"]
[BlackElo "1930"]
[PlyCount "70"]
[EventDate "2003.??.??"]
[EventType "swiss"]
[EventRounds "9"]
[EventCountry "ESP"]
[SourceTitle "EXT 2007"]
[Source "ChessBase"]
[SourceDate "2006.11.23"]
[SourceVersion "1"]
[SourceVersionDate "2006.11.23"]
[SourceQuality "1"]

1. c4 e5 2. Nc3 Nc6 3. g3 g6 4. Bg2 Bg7 5. e3 d6 6. a3 f5 7. Nge2 Nf6 8. d4 0-0 9. b4 Ne7 10. 0-0 c6 11. Bb2 g5 12. dxe5 dxe5 13. Qxd8 Rxd8 14. Rfd1 Be6 15. c5 Nfd5 16. Nxd5 Bxd5 17. Bxd5+ Nxd5 18. e4 fxe4 19. Nc3 Nxc3 20. Bxc3 Rd3 21. Rxd3 exd3 22. Rd1 Rd8 23. f3 g4 24. fxg4 e4 25. Bxg7 Kxg7 26. Kf2 Re8 27. Ke3 Re7 28. Rf1 b6 29. Rc1 bxc5 30. Rxc5 Re6 31. Rc1 Kf7 32. Rf1+ Ke7 33. g5 Kd7 34. g4 Kc7 35. h4 Kd7 1/2-1/2